Mistrzowie 20 najlepszych lig Europy 2018/19 - Statystyki

Ogólne statystyki
  • Ten quiz został rozwiązany 657 razy
  • Średni wynik to 15 z 21
Statystyki odpowiedzi
Kraj Nazwa klubu % Poprawnych
Hiszpania FC Barcelona
100%
Niemcy Bayern Monachium
99%
Włochy Juventus
98%
Francja Paris Saint-Germain F.C.
98%
Anglia Manchester City
97%
Portugalia SL Benfica
92%
Holandia AFC Ajax
90%
Polska Piast Gliwice
85%
Rosja Zenit Petersburg
82%
Turcja Galatasaray SK
77%
Chorwacja Dinamo Zagrzeb
70%
Czechy Slavia Praga
68%
Austria Red Bull Salzburg
66%
Szwajcaria BSC Young Boys
65%
Belgia KRC Genk
63%
Ukraina Szachtar Donieck
62%
Cypr APOEL FC
59%
Dania FC København
52%
Grecja PAOK FC
51%
Rumunia CFR 1907 Cluj
34%
Izrael Maccabi Tel Awiw
16%
Nie znaleziono quizów pasujących do podanych kryteriów
Rozkład punktacji
Procent ludzi z każdym wynikiem
Percentyl według liczby udzielonych odpowiedzi
Twoja historia wyników
Nie rozwiązałeś tego quizu